Elity 2 Margonem - Statystyki

Ogólne statystyki
  • Ten quiz został rozwiązany 8 razy
  • Średni wynik to 54 z 100
Statystyki odpowiedzi
Hint Odpowiedź % Poprawnych
40 lvl Gobbos
86%
27 lvl Kotołak Tropiciel
86%
99 lvl Centaur Zyfryd
71%
96 lvl Gnom Figlid
71%
93 lvl Goplana
71%
80 lvl Grabarz świątynny
71%
105 lvl Jertek Moxos
71%
70 lvl Jotun
71%
101 lvl Kambion
71%
75 lvl Lisz
71%
108 lvl Miłośnik łowców
71%
108 lvl Miłośnik magii
71%
108 lvl Miłośnik rycerzy
71%
89 lvl Morthen
71%
23 lvl Mushita
71%
88 lvl Nadzorczyni krasnoludów
71%
58 lvl Owadzia Matka
71%
82 lvl Podły zbrojmistrz
71%
30 lvl Shae Phu
71%
47 lvl Szczęt alias Gładki
71%
73 lvl Tollok Atamatu
71%
73 lvl Tollok Utumutu
71%
42 lvl Tyrtajos
71%
65 lvl Vari Kruger
71%
37 lvl Władca Rzek
71%
33 lvl Zorg Jednooki Baron
71%
155 lvl Adariel
57%
51 lvl Agar
57%
300 lvl Artenius
57%
148 lvl Berserker Amuno
57%
170 lvl Bragarth Myśliwy Dusz
57%
160 lvl Burkog Lorulk
57%
193 lvl Cerasus
57%
267 lvl Chopesz
57%
84 lvl Choukker
57%
240 lvl Dendroculus
57%
165 lvl Duch Władcy Klanów
57%
135 lvl Eol
57%
150 lvl Fodug Zolash
57%
300 lvl Furion
57%
66 lvl Furruk Kozug
57%
154 lvl Goons Asterus
57%
136 lvl Grubber Ochlaj
57%
128 lvl Ifryt
57%
175 lvl Królowa Śniegu
57%
92 lvl Leśne Widmo
57%
112 lvl Łowca Czaszek
57%
139 lvl Mistrz Worundriel
57%
131 lvl Młody Jack Truciciel
57%
218 lvl Mocny Maddoks
57%
118 lvl Morski potwór
57%
274 lvl Neferkar Set
57%
287 lvl Nymphemonia
57%
183 lvl Ogr Stalowy Pazur
57%
115 lvl Ozirus Władca Hieroglifów
57%
189 lvl Pięknotka Mięsożerna
57%
51 lvl Razuglag Oklash
57%
160 lvl Shakkru
57%
160 lvl Sheba Orcza Szamanka
57%
125 lvl Stworzyciel
57%
145 lvl Teściowa Rumcajsa
57%
47 lvl Tollok Shimger
57%
186 lvl Torunia Ankelwald
57%
82 lvl Wielka Stopa
57%
144 lvl Wójt Fistuła
57%
258 lvl Yaotl
57%
92 lvl Żelazoręki Ohydziarz
57%
300 lvl Zorin
57%
124 lvl Borgoros Garamir III
43%
192 lvl Breheret Żelazny Łeb
43%
177 lvl Chryzoprenia
43%
57 lvl Foverk Turrim
43%
170 lvl Fursharag Pożeracz Umysłów
43%
131 lvl Helga Opiekunka Rumu
43%
131 lvl Henry Kaprawe Oko
43%
124 lvl Krab pustelnik
43%
175 lvl Lusgrathera Królowa Pramatka
43%
197 lvl Mysiur Myświórowy Król
43%
226 lvl Pancerny Maddok
43%
255 lvl Pogardliwa Sybilla
43%
220 lvl Rycerz z za małym mieczem
43%
204 lvl Sataniel Skrytobójca
43%
235 lvl Silvanasus
43%
280 lvl Terrozaur
43%
177 lvl Wrzosera
43%
170 lvl Ziuggrael Strażnik Królowej
43%
205 lvl Zufulus Smakosz Serc
43%
204 lvl Annaniel Wysysacz Marzeń
29%
177 lvl Cantedewia
29%
210 lvl Czempion Furboli
29%
204 lvl Gothardus Kolekcjoner Głów
29%
200 lvl Sadolia Nadzorczyni Hurys
29%
245 lvl Tolypeutes
29%
220 lvl Arachniregina Colosseus
14%
204 lvl Bergermona Krwawa Hrabina
14%
280 lvl Chaegd Agnrakh
14%
250 lvl Cuaitl Citlalin
14%
214 lvl Marlloth Malignitas
14%
260 lvl Quetzalcoatl
14%
280 lvl Vaenra Charkhaam
14%
Nie znaleziono quizów pasujących do podanych kryteriów
Rozkład punktacji
Procent ludzi z każdym wynikiem
Percentyl według liczby udzielonych odpowiedzi
Twoja historia wyników
Nie rozwiązałeś tego quizu